Statistics for Countries Young M.A. has Visited

Click here to take the quiz!

General Stats

  • This quiz has been taken 5 times
  • The average score is 9 of 10

Answer Stats

ContinentCountry% Correct
North AmericaCanada
100%
EuropeDenmark
100%
EuropeNetherlands
100%
EuropeNorway
100%
EuropeSweden
100%
EuropeUnited Kingdom
100%
North AmericaUnited States of America
100%
EuropeBelgium
80%
EuropeIreland
80%
Iceland
60%

Score Distribution

Percentile by Number Answered

Percent of People with Each Score

Your Score History

You have not taken this quiz